000 00514cam a2200205ua 4500
001 8707
008 150212n ii |||gr||||Z||||||eng
020 _a9788172734435
040 _cMAIN
041 _aeng
082 _a821.954
100 _aJha, G. S.,
_eAuthor.
245 1 _aIndian english poetry :
_bRecent explanations /
_cBy Gauri Shankar Jha .
250 _a1st.
260 _aNew Delhi:
_bAuthorpress,
_c2008.
300 _a228p.
653 _aEnglish poetry
653 _aIndian poetry
942 _cBK
999 _c7804
_d7804